Verejná správa v 21. storočí

Prostredie a procesy pre verejnú správu. Vývojové koncepty verejnej správy: new public management, governance. Čo je dôležité pre verejnú správu. Projekt KEGA a výučba predmetov verejnej správy.

Saved in:
Bibliographic Details
Main Author: Žárska, Elena, 1955-
Format: Book Chapter
Language:Slovak
Subjects:
Tags: Add Tag
No Tags, Be the first to tag this record!

MARC

LEADER 00000nla a2200000 4500
001 0181001
005 20240605103756.0
041 0 |a slo 
044 |a SK 
245 1 0 |a Verejná správa v 21. storočí  |c Elena Žárska 
520 |a Prostredie a procesy pre verejnú správu. Vývojové koncepty verejnej správy: new public management, governance. Čo je dôležité pre verejnú správu. Projekt KEGA a výučba predmetov verejnej správy. 
610 2 0 |a správa verejná 
610 2 0 |a riadenie 
610 2 0 |a globalizácia 
610 2 0 |a integrácia 
610 2 0 |a decentralizácia 
610 2 0 |a vzdelávanie 
610 2 0 |a predmety učebné 
100 1 |a Žárska, Elena, 1955-